| 000 | 00383nam a2200145Ia 4500 | ||
|---|---|---|---|
| 005 | 20250704015141.0 | ||
| 008 | 240331s9999 xx 000 0 und d | ||
| 082 |
_bSED _a891 |
||
| 100 | _aSedaraman,J.E | ||
| 245 | 0 | _aPrashasthi kavyarasaya | |
| 260 |
_aNugegoda _bM.D.Gunasena Book & Co _c1970 |
||
| 300 | _a352 p ., | ||
| 500 | _aA book of The taste of excellent poetry | ||
| 942 | _cL | ||
| 999 |
_c4899 _d4899 |
||